| Tag |
First Indicator |
Second Indicator |
Subfields |
| LEADER |
00000cam a2200000 a 4500 |
| 001 |
in00000027900 |
| 005 |
20151007054644.0 |
| 008 |
860721s1987 sz b 00110 eng |
| 010 |
|
|
|a 86018610
|
| 020 |
|
|
|a 0820403709 :
|c $26.50
|
| 035 |
|
|
|a (OCoLC)14001402
|
| 035 |
|
|
|9 AAB5843AM
|
| 040 |
|
|
|a DLC
|c DLC
|d TXA
|d UtOrBLW
|
| 049 |
|
|
|a TXAM
|c [A11061202]
|
| 050 |
0 |
0 |
|a ML410.P89
|b D5 1987
|
| 082 |
0 |
|
|a 782.1/092/4
|2 19
|
| 100 |
1 |
|
|a DiGaetani, John Louis,
|d 1943-
|
| 245 |
1 |
0 |
|a Puccini the thinker :
|b the composer's intellectual and dramatic development /
|c John Louis DiGaetani.
|
| 264 |
|
1 |
|a Bern ;
|a New York :
|b P. Lang,
|c [1987]
|
| 264 |
|
4 |
|c ©1987
|
| 300 |
|
|
|a 170 pages ;
|c 23 cm.
|
| 336 |
|
|
|a text
|b txt
|2 rdacontent
|
| 337 |
|
|
|a unmediated
|b n
|2 rdamedia
|
| 338 |
|
|
|a volume
|b nc
|2 rdacarrier
|
| 504 |
|
|
|a Bibliography: pages 164-167.
|
| 500 |
|
|
|a Includes index.
|
| 600 |
1 |
0 |
|a Puccini, Giacomo,
|d 1858-1924.
|t Operas.
|
| 999 |
|
|
|a MARS
|
| 999 |
f |
f |
|s 3c9611ad-3576-30e6-8e70-f03e0edf7803
|i c9dbc90d-055b-3cc1-964e-7a38657ec394
|t 0
|
| 952 |
f |
f |
|p normal
|a Texas A&M University
|b College Station
|c Sterling C. Evans Library
|d Evans: Library Stacks
|t 0
|e ML410.P89 D5 1987
|h Library of Congress classification
|i unmediated -- volume
|m A14811061202
|
| 998 |
f |
f |
|a ML410.P89 D5 1987
|t 0
|l Evans: Library Stacks
|